000 01719nam0a22003251 4500
001 rc\4654313
005 20260407011551.0
021 _aRU
_b[68-81955]
035 _a(NLR Aleph) 008693227
090 _a9252271
_c9252271
100 _a20130416d1968 |||y0rusy50 ca
101 0 _arus
102 _aRU
105 _ay z |||||
200 1 _aПамятка по диагностике и оказанию первой медицинской помощи при некоторых неотложных состояниях
_e(Для выездных врачей скорой и неотложной помощи)
_fНауч.-исслед. ин-т скорой помощи им. Склифосовского. Станция скорой мед. помощи г. Москвы
205 _a[3-е изд., доп. и перераб.]
210 _aМосква
_cЗнание
_d1968
215 _a144 с.
_d21
300 _aНа обороте тит. л. сост.: Г.А. Резвецова, проф. Н.К. Боголепов, проф. З.А. Бондарь
606 _aМедицинская помощь, скорая
_2psbo
606 _aМедицинская помощь, неотложная
_2psbo
702 1 _4340
_7ca
_8rus
_aБоголепов
_bН. К.
_cд-р мед. наук
_f1900-1980
_gНиколай Кириллович
_9218470
_3RU\NLR\AUTH\770218526
702 1 _aРезвецова
_bГ.А.
_4220
702 1 _aБондарь
_bЗ.А.
_4220
712 0 2 _aМосковский НИИ скорой помощи им. Склифосовского
_9495309
_3RU\NLR\AUTH\889998946
801 0 _aRU
_bNLR
_gpsbo
801 1 _aRU
_bELAR
_2rusmarc
852 _aNLR
_j68-5/5041
942 _cBOOK
980 _aNB